Bilancia mladého reportéra

Bibliographic Details
Main Author: Fekete, Ján, 1945- (Author)
Format: Article
Language:Slovak
ISSN:0862-8823
Subjects:

MARC

LEADER 00000nab a2200000 a 4500
001 vtls000661624
003 SK-MaSNL
005 20260426073916.0
008 180205c xo 0 slo
015 |a SNBRB1998/06-15214 
035 |a CLN000013813 
040 |a SNKBUCL  |b slo  |c SNKBUCL  |e AACR2 
041 0 |a slo 
044 |a xo  |c SK 
080 |a 324(437.6)(048)  |2 UDC-MRF-SK2 
100 1 |a Fekete, Ján,  |d 1945-  |4 aut  |9 99198 
245 1 0 |a Bilancia mladého reportéra  |c Ján Fekete-Apolkin 
648 7 |a 1989-1993  |2 snbucl  |9 460630 
648 7 |a 19993-1997  |2 snbucl  |9 1339866 
650 0 7 |a vnútorná politika  |2 snkbucl  |9 970 
650 0 7 |a reportáže  |2 snkbucl  |9 75670 
651 7 |a Slovensko  |2 snkbucl  |9 14231 
655 7 |a recenzie  |2 snkbucl  |9 21907 
655 7 |a články z novín a časopisov  |2 snkbucl  |9 267496 
773 0 |x 0862-8823  |t Slovenské národné noviny  |g Roč. 9 (13), č. 24 (1998), s. 12 
787 0 8 |i Rec.:  |a Háber, Stanislav  |t Reportážna inventúra  |d Bratislava : Nadácia Korene, 1997  |z 8096758764 
850 |a Slovenská národná knižnica v Martine 
852 |a SNK  |b KIS3GCP 
958 |a RBX 
999 |c 2719861  |d 2721791